00459 2200193 4500001002100000005001500021035002000036008004100056245002700097100001600124250001100140260002400151300002600175020001500201084001600216082001000232650000900242990001400251INLIS00000000000007820260413041859 a0010-0317000076260413 0 1 aA biology of the algae aSze, Philip a2nd ed bWm. C. Brown,c1993 axi, 259 hlm. ;c26 cm a0697013731 a589.3 Sze b a589.3 aALGA a098395412